La Inteligencia de los peces / (Record no. 156692)

MARC details
000 -LEADER
campo de control de longitud fija 01013nam a22002535i 4500
001 - NÚMERO DE CONTROL
campo de control 156692
003 - IDENTIFICADOR DE NÚMERO DE CONTROL
campo de control ES-MaACL
005 - FECHA Y HORA DE LA ÚLTIMA TRANSACCIÓN
campo de control 20230906210456.0
008 - DATOS DE LONGITUD FIJA--INFORMACIÓN GENERAL
campo de control de longitud fija 940518q18511883sp a |||| | spa d
040 ## - FUENTE DE CATALOGACIÓN
Centro catalogador/agencia de origen CAT
Lengua de catalogación spa
Centro/agencia transcriptor CAT
Centro/agencia modificador CCPB
080 ## - NÚMERO DE LA CLASIFICACIÓN DECIMAL UNIVERSAL
Número de la Clasificación Decimal Universal 597
100 0# - ENTRADA PRINCIPAL--NOMBRE DE PERSONA
Nombre de persona La Blanchère, Henri de.
9 (RLIN) 69131
245 13 - MENCIÓN DEL TÍTULO
Título La Inteligencia de los peces /
Mención de responsabilidad, etc. por H. de la Blanchère ; traducción de D.G.R. y M.
260 ## - PUBLICACIÓN, DISTRIBUCIÓN, ETC.
Lugar de publicación, distribución, etc. Madrid :
Nombre del editor, distribuidor, etc. [s.n.,
Fecha de publicación, distribución, etc. s.a.] (
Fabricante Imprenta de Gaspar y Roig)
300 ## - DESCRIPCIÓN FÍSICA
Extensión 208 p. :
Otras características físicas il. ;
Dimensiones 19 cm.
490 1# - MENCIÓN DE SERIE
Mención de serie Biblioteca científica recreativa
596 #1 - NOTA AL PIE DE IMPRENTA
NOTA AL PIE DE IMPRENTA Fecha obtenida de la época de trabajo del impresor: entre 1851- 1883.
650 #4 - PUNTO DE ACCESO ADICIONAL DE MATERIA--TÉRMINO DE MATERIA
Término de materia o nombre geográfico como elemento de entrada Peces.
9 (RLIN) 146663
700 0# - ENTRADA AGREGADA--NOMBRE PERSONAL
Nombre de persona G. R. y M.
9 (RLIN) 188201
830 0# - PUNTO DE ACCESO ADICIONAL DE SERIE-TÍTULO UNIFORME
Título uniforme Biblioteca científica recreativa
9 (RLIN) 187913
852 ## - LOCALIZACIÓN
Ubicación ES-MaACL
Número de control de estantería T-637-F-2
Nota libre -- Enc. hol. conservando la cub. original
-- -- Dedicatoria ms. de Gustavo Saenz Diez a la biblioteca de Los Escolares Médicos
-- -- Enc. en un vol. facticio
Holdings
Estatus retirado Estado de pérdida Estado de daño No para préstamo Colección Biblioteca de origen Biblioteca actual Ubicación en estantería Fecha de adquisición Total de préstamos Signatura topográfica completa Código de barras Visto por última vez Precio de reemplazo Tipo de ítem Koha
        Colección de folletos Biblioteca del Ateneo de Madrid Biblioteca del Ateneo de Madrid Depósito folletos 17/01/2008   T-637-F-2 1163936 23/02/2023 23/02/2023 Folleto